The Simpsons Season 22 Guest Stars Quiz Stats

 Plays Quiz not verified by Sporcle

Challenge
Share
Tweet
Embed
Score 0/50 Timer 15:00
0 Plays Today
Episode Guest star % Correct
'The Fight Before Christmas'Katy Perry
77.8%
'Elementary School Musical'Cory Monteith
66.7%
'Elementary School Musical'Bret McKenzie
55.6%
'Elementary School Musical'Lea Michele
55.6%
'Elementary School Musical'Amber Riley
55.6%
'Loan-a Lisa'Mark Zuckerberg
55.6%
'How Munched is that Birdie in the Window?'Danica Patrick
55.6%
'Elementary School Musical'Jemaine Clement
44.4%
'Elementary School Musical'Stephen Hawking
44.4%
'Treehouse of Horror XXI'Daniel Radcliffe
44.4%
'Treehouse of Horror XXI'Hugh Laurie
44.4%
'The Fight Before Christmas'Martha Stewart
44.4%
'How Munched is that Birdie in the Window?'Rachel Weisz
44.4%
'Flaming Moe'Alyson Hannigan
44.4%
'Flaming Moe'Kristen Wiig
44.4%
'Flaming Moe'Scott Thompson
44.4%
'Homer the Father'Michael Paul Chan
44.4%
'Homer the Father'Garry Marshall
44.4%
'Angry Dad: The Movie'Russell Brand
44.4%
'Elementary School Musical'Ira Glass
33.3%
'Loan-a Lisa'Chris Hansen
33.3%
'Loan-a Lisa'Muhammad Yunus
33.3%
'MoneyBART'Mike Scioscia
33.3%
'MoneyBART'Bill James
33.3%
'Donnie Fatso' and 'The Real Housewives of Fat Tony'Joe Mantegna
33.3%
Episode Guest star % Correct
'Donnie Fatso'Jon Hamm
33.3%
'Homer the Father'James Lipton
33.3%
'Homer the Father'David Mamet
33.3%
'Angry Dad: The Movie'Halle Berry
33.3%
'Angry Dad: The Movie'Ricky Gervais
33.3%
'Angry Dad: The Movie'Nick Park
33.3%
'The Scorpion's Tale'Werner Herzog
33.3%
'The Great Simpsina'Penn Jillette
33.3%
'The Great Simpsina'Teller
33.3%
'Angry Dad: The Movie'Maurice LaMarche
22.2%
'A Midsummer's Nice Dreams'Cheech Marin
22.2%
'A Midsummer's Nice Dreams'Tommy Chong
22.2%
'Love is a Many-Strangled Thing'Paul Rudd
22.2%
'Love is a Many-Strangled Thing'Kareem Abdul-Jabbar
22.2%
'Love is a Many-Strangled Thing'Kevin Michael Richardson
22.2%
'The Great Simpsina'David Copperfield
22.2%
'The Great Simpsina'Martin Landau
22.2%
'The Great Simpsina'Ricky Jay
22.2%
'The Great Simpsina'Jack McBrayer
11.1%
'Homer Scissorhands'Kristen Schaal
11.1%
'500 Keys'Albert Brooks
11.1%
'The Ned-liest Catch'Joey Kramer
11.1%
'The Ned-liest Catch'Ken Burns
11.1%
'Homer the Father'Darryl Phinnissee
0%
'Angry Dad: The Movie'J. B. Smoove‎
0%

You're not logged in!

Compare scores with friends on all Sporcle quizzes.
Join for Free
OR
Log In

You Might Also Like...

Show Comments

Extras

Top Quizzes Today


Score Distribution

Your Account Isn't Verified!

In order to create a playlist on Sporcle, you need to verify the email address you used during registration. Go to your Sporcle Settings to finish the process.

Report this User

Report this user for behavior that violates our Community Guidelines.

Details: